| 000 | 00493cam a22001814a 4500 | ||
|---|---|---|---|
| 005 | 20250605164255.0 | ||
| 008 | 250528s ||||||||||||||||||||||||d | ||
| 035 | _a21905 | ||
| 040 |
_aGR-AtMCL _bgre _dGR-AtMCL _eAACR2 |
||
| 245 | 1 | _aΝΕΟΝ ΕΛΛΗΝΟΓΕΡΜΑΝΙΚΟΝ ΛΕΞΙΚΟΝ | |
| 250 | _a1 | ||
| 260 |
_bΚακουλιδη, _c1961 |
||
| 300 | _a589 | ||
| 700 | 1 |
_aΤσουκανας Αλεξανδρος Α _97791 |
|
| 942 | _cBK | ||
| 999 |
_c6962 _d6962 |
||